Mendebaleko ekonomiarem historia / (Record no. 136807)

MARC details
000 -LEADER
campo de control de longitud fija 00667nam a2200217 4500
001 - NÚMERO DE CONTROL
campo de control 136807
003 - IDENTIFICADOR DE NÚMERO DE CONTROL
campo de control ES-MaACL
005 - FECHA Y HORA DE LA ÚLTIMA TRANSACCIÓN
campo de control 20230906195231.0
007 - CAMPO FIJO DE DESCRIPCIÓN FÍSICA--INFORMACIÓN GENERAL
campo de control de longitud fija t|
008 - DATOS DE LONGITUD FIJA--INFORMACIÓN GENERAL
campo de control de longitud fija 070214s1970 sp r ||||1| baq d
100 1# - ENTRADA PRINCIPAL--NOMBRE DE PERSONA
Nombre de persona Saizarbitoria, Ramón.
9 (RLIN) 101630
245 10 - MENCIÓN DEL TÍTULO
Título Mendebaleko ekonomiarem historia /
Mención de responsabilidad, etc. Ramón Saizarbitoria, Ibon Sarasola, Arantxa Urretavizcaya.
260 ## - PUBLICACIÓN, DISTRIBUCIÓN, ETC.
Lugar de publicación, distribución, etc. Donostia :
Nombre del editor, distribuidor, etc. Lur,
Fecha de publicación, distribución, etc. 1970.
300 ## - DESCRIPCIÓN FÍSICA
Extensión 134 p. ;
Dimensiones 18 cm.
490 1# - MENCIÓN DE SERIE
Mención de serie Hastapenak ;
Designación de volumen o secuencia 3
700 1# - ENTRADA AGREGADA--NOMBRE PERSONAL
Nombre de persona Sarasola, Ibon.
9 (RLIN) 103768
700 1# - ENTRADA AGREGADA--NOMBRE PERSONAL
Nombre de persona Urretavizcaya, Arantxa.
9 (RLIN) 112232
830 0# - PUNTO DE ACCESO ADICIONAL DE SERIE-TÍTULO UNIFORME
Título uniforme Hastapenak ;
Designación de volumen o secuencia 3
9 (RLIN) 181068
852 ## - LOCALIZACIÓN
Ubicación ES-MaACL
Número de control de estantería C-53100
Sublocalización o colección R.72618
Holdings
Estatus retirado Estado de pérdida Estado de daño No para préstamo Biblioteca de origen Biblioteca actual Ubicación en estantería Fecha de adquisición Fuente de adquisición Total de préstamos Signatura topográfica completa Código de barras Visto por última vez Precio de reemplazo Tipo de ítem Koha
        Biblioteca del Ateneo de Madrid Biblioteca del Ateneo de Madrid Depósito 2 17/01/2008     C-53100 1142374 23/02/2023 23/02/2023 Libro impreso